000 00480nam a22001697a 4500
003 OSt
005 20140311163157.0
008 140226t xxu||||| |||| 00| 0 eng d
020 _a019910090
050 _aQA 5
_b.G56 1998
100 _aGlover, David
_921395
245 _aThe Oxford children's A to Z of mathematics /
_cDavid Glover.
260 _aOxford :
_bOxford University Press,
_c1996.
300 _a64 p. :
_bcol. ill. ;
_c26 cm.
942 _2lcc
_cBK-TR
999 _c42400
_d42400